| 000 | 02052cpcaa2200385 a 4500 | ||
|---|---|---|---|
| 001 | mm2012085726 | ||
| 003 | DLC | ||
| 005 | 20260227111732.0 | ||
| 008 | 120106|||||||||||| eng | ||
| 010 | _amm2012085726 | ||
| 040 |
_aDLC _edacs _cDLC _dDLC |
||
| 072 | 7 |
_aW _2lcmd |
|
| 100 | 1 |
_aReaves, Robert H., _d-1865. |
|
| 245 | 0 | 0 |
_aRobert H. Reaves correspondence, _f1862-1864. |
| 300 |
_a11 _fitems. |
||
| 506 | 0 | _aOpen to research. | |
| 520 | 8 | _aAlsS (1862 December 10-1864 December 26) from Reaves while serving with the 21st South Carolina Infantry Regiment, Confederate States of America Army, in South Carolina and Virginia. The letters are addressed to his father and sister and discuss provisions, camp life of the regiment, and military affairs. Topics include the battles of Fredericksburg, Va. (1862), Goldsboro, N.C. (1862), and Murfreesboro, Tenn. (1862-1863). Includes typewritten transcripts of the letters, a letter fragment, and two covers. | |
| 545 | 0 | _aConfederate Army soldier. | |
| 546 | _aCollection material in English. | ||
| 580 | _aForms part of: Miscellaneous Manuscripts collection. | ||
| 610 | 1 | 0 |
_aConfederate States of America. _bArmy _xMilitary life. |
| 610 | 1 | 0 |
_aConfederate States of America. _bArmy. _bSouth Carolina Infantry Regiment, 21st |
| 650 | 0 | _aFredericksburg, Battle of, Fredericksburg, Va., 1862. | |
| 650 | 0 | _aStones River, Battle of, Murfreesboro, Tenn., 1862-1863. | |
| 651 | 0 |
_aGoldsboro (N.C.) _xHistory. |
|
| 651 | 0 |
_aNorth Carolina _xHistory _yCivil War, 1861-1865. |
|
| 651 | 0 |
_aSouth Carolina _xHistory _yCivil War, 1861-1865. |
|
| 651 | 0 |
_aTennessee _xHistory _yCivil War, 1861-1865. |
|
| 651 | 0 |
_aUnited States _xHistory _yCivil War, 1861-1865. |
|
| 651 | 0 |
_aUnited States _xHistory _yCivil War, 1861-1865 _xEquipment and supplies. |
|
| 651 | 0 |
_aVirginia _xHistory _yCivil War, 1861-1865. |
|
| 656 | 7 |
_aSoldiers. _2itoamc |
|
| 999 |
_c44882 _d44882 |
||